000 00678nam a2200265Ia 4500
005 20260306164307.0
008 008 260114s9999 xx 000 0 eng d
020 _a9780300249576
037 _aEBOOK
040 _aCRL
040 _beng
040 _cCRL
041 _2eng
041 _aeng
084 _qCRL
100 _aGraulau
_91130373
245 4 _aThe Underground Wealth Of Nations: On The Capitalist Origins Of Silver Mining, A.D. 1150-1450
260 _bYale University Press
260 _c2020
650 _aEconomics & Finance
856 _uhttps://academic.oup.com/book/34077
942 _cEBOOK
999 _c1713537
_d1713537